000 00818nam a2200241 a 4500
001 000027828
005 20200930031129.0
008 110405s1977 dr 001 0 spa d
040 _aDO-SdBNP
_bspa
_cBNPHU
082 _a368
_bP438t
100 1 _aPérez Montás, Hernando
_937623
245 1 0 _aTeoría económica del seguro /
_cHernando Pérez Montás.
260 _aSanto Domingo :
_bCADOAR,
_c1977.
300 _a142 P. ;
_c21 cm.
504 _aBibliografía : p. 139-142
590 _aInventariado, 2018/LP
650 4 _aSeguros
_xAspectos económicos
_954901
650 4 _aPólizas de seguros
_954902
650 4 _aRiesgos (seguros)
_954903
650 4 _aAdministración de riesgos
_937093
710 2 _aCámara Dominicana de Aseguradoras y Reaseguradores
_954904
910 _aValidado. Control de calidad EMS
999 _c27320
_d27320